| 000 | 00538nam a2200205 a 4500 | ||
|---|---|---|---|
| 001 | 0001-1520 | ||
| 003 | ELIB.Books | ||
| 008 | 170519 2010 eng | ||
| 020 | _a9780931464270 | ||
| 092 |
_a630 _bBor |
||
| 100 | _aBorowski, Oded | ||
| 245 | _aAgriculture In Iron Age Israel | ||
| 260 |
_aWinona Lake, Indiana _bEisenbrauns _c2009 |
||
| 300 |
_a245 _c22.9 cm |
||
| 650 | _aAgriculture Palestine History | ||
| 942 |
_2ddc _cBK |
||
| 990 | _a1 | ||
| 998 |
_aEnglishbooks.elf _ccat _e2017-05-19 |
||
| 999 |
_c11520 _d11520 |
||